[Event "ESP-chT CECLUB Div2"]
[Site "Linares"]
[Date "2018.08.14"]
[Round "1.5"]
[White "Mohamed Garcia, Ismael"]
[Black "Gonzalez Cano, Juan Jose"]
[Result "0-1"]
[WhiteElo "1814"]
[BlackElo "2052"]
[PlyCount "76"]
[EventDate "2018.08.14"]
[EventType "team-swiss"]
[EventRounds "7"]
[EventCountry "ESP"]
[SourceTitle "CBM 186 Extra"]
[Source "ChessBase"]
[SourceDate "2018.08.24"]
[SourceVersion "1"]
[SourceVersionDate "2018.08.24"]
[SourceQuality "1"]
[WhiteTeam "Pena Barcelonista de Melilla"]
[BlackTeam "Casareno iAcere"]
[WhiteTeamCountry "ESP"]
[BlackTeamCountry "ESP"]

1. d4 Nf6 2. Bf4 g6 3. e3 Bg7 4. Nf3 0-0 5. Nbd2 b6 6. c3 Bb7 7. Bd3 d6 8. Qe2 c5 9. h3 Nc6 10. 0-0 Re8 11. Bg3 e5 12. dxe5 dxe5 13. e4 Nh5 14. Bh2 Qf6 15. Rfd1 Nf4 16. Bxf4 exf4 17. Nh2 h5 18. f3 Red8 19. Bb5 Ne5 20. Nc4 a6 21. Nxe5 axb5 22. Rxd8+ Rxd8 23. Nd3 b4 24. c4 Qd4+ 25. Nf2 Qxb2 26. Qxb2 Bxb2 27. Rb1 Bc3 28. Nd1 Bd4+ 29. Kf1 Ra8 30. Nb2 Rxa2 31. Nd3 g5 32. h4 f6 33. hxg5 fxg5 34. Rd1 Ba6 35. Nxb4 Bxc4+ 36. Nd3 Rf2+ 37. Ke1 Rxg2 38. Nf1 Bc3+ 0-1